[Event "Tata Steel India Blitz"]
[Site "Kolkata IND"]
[Date "2022.12.04"]
[Round "13.5"]
[White "So, Wesley"]
[Black "Maghsoodloo, Parham"]
[Result "1/2-1/2"]
[WhiteTitle "GM"]
[BlackTitle "GM"]
[WhiteElo "2760"]
[BlackElo "2719"]
[WhiteFideId "5202213"]
[BlackFideId "12539929"]
[EventDate "2022.12.03"]

1. d4 Nf6 2. c4 e6 3. Nf3 h6 4. Nc3 Bb4 5. Qc2 c5 6. dxc5 Na6 7. g3 Nxc5 8. Bg2
b6 9. O-O Bb7 10. Nb5 Nce4 11. Bf4 O-O 12. a3 Be7 13. Nfd4 a6 14. Nc3 Nc5 15. b4
Bxg2 16. Kxg2 Nb7 17. Rfd1 Bd6 18. Nxe6 dxe6 19. c5 bxc5 20. bxc5 Rc8 21. cxd6
Nd5 22. Rd3 Nxf4+ 23. gxf4 Nxd6 24. Rad1 Qf6 25. Rxd6 Rxc3 26. Qa4 Qh4 27. e3
Qg4+ 28. Kf1 Qh4 29. Kg2 Rc5 30. h3 Rg5+ 31. Kf1 Qxh3+ 32. Ke2 Qh5+ 33. Kf1 Ra5
34. Qb3 Qf3 35. Rd8 Qh1+ 36. Ke2 Qh5+ 37. Kf1 Qb5+ 38. Qxb5 axb5 39. R8d3 Rfa8
40. Rb1 Rxa3 41. Rxa3 Rxa3 42. Rxb5 g6 43. Kg2 Kg7 44. Rb2 Ra5 45. Kf3 Ra1 46.
Kg2 Kf6 47. Rc2 h5 48. Rb2 Ra6 49. Rc2 Rd6 50. Rc5 Rd5 51. Rc7 e5 52. e4 Ra5 53.
Rc6+ Kg7 54. fxe5 Rxe5 55. f3 g5 56. Kg3 Ra5 57. Rc3 f6 58. Rc7+ Kg6 59. Rc8 Ra1
60. Rg8+ Kf7 61. Rb8 Rg1+ 62. Kf2 Ra1 63. Rb7+ Kg6 64. Rb6 Ra5 65. Kg3 Kf7 66.
Rb7+ Kg6 67. Rb6 Re5 68. Ra6 Kf7 69. Ra7+ Re7 70. Ra6 Kg7 71. Rb6 Rd7 72. Ra6
Rb7 73. Rc6 Rb1 74. Rc7+ Kg6 75. Rc6 h4+ 76. Kf2 Rb2+ 77. Kg1 Re2 78. Kf1 Ra2
79. e5 Kf5 80. exf6 Ra7 81. Kg2 Rf7 82. Rc5+ Kxf6 83. Kh3 Kg6 84. Kg2 Rf6 85.
Ra5 Re6 86. Kf2 Kf6 87. Rb5 Re5 88. Rb8 Ra5 89. Kg2 Ra2+ 90. Kh3 Rf2 91. Rb3 Kf5
92. Ra3 Kf4 93. Ra4+ Kxf3 94. Ra3+ Kf4 95. Ra4+ Kf5 96. Ra5+ Kf6 97. Rxg5 Kxg5 1/2-1/2

[Event "Tata Steel India Blitz"]
[Site "Kolkata IND"]
[Date "2022.12.04"]
[Round "14.3"]
[White "Maghsoodloo, Parham"]
[Black "Mamedyarov, Shakhriyar"]
[Result "1/2-1/2"]
[WhiteTitle "GM"]
[BlackTitle "GM"]
[WhiteElo "2719"]
[BlackElo "2740"]
[WhiteFideId "12539929"]
[BlackFideId "13401319"]
[EventDate "2022.12.03"]

1. d4 d5 2. Nf3 Nf6 3. c4 c6 4. e3 Bg4 5. h3 Bxf3 6. Qxf3 e6 7. Nc3 Nbd7 8. Bd2
Bb4 9. Bd3 O-O 10. O-O e5 11. cxd5 cxd5 12. Qd1 exd4 13. exd4 Qb6 14. Qb3 Ba5
15. Be3 Qxb3 16. axb3 Bb4 17. Na2 Bd6 18. b4 a6 19. b5 axb5 20. Bxb5 Nb6 21. Nc3
h6 22. Rfc1 Ne4 23. Ne2 Rxa1 24. Rxa1 Nc4 25. Bxc4 dxc4 26. Nc3 Nxc3 27. bxc3
Rb8 28. g3 g5 29. f4 gxf4 1/2-1/2

[Event "Tata Steel India Blitz"]
[Site "Kolkata IND"]
[Date "2022.12.04"]
[Round "14.5"]
[White "Nihal, Sarin"]
[Black "Praggnanandhaa, R"]
[Result "0-1"]
[WhiteTitle "GM"]
[BlackTitle "GM"]
[WhiteElo "2670"]
[BlackElo "2684"]
[WhiteFideId "25092340"]
[BlackFideId "25059530"]
[EventDate "2022.12.03"]

1. d4 Nf6 2. Nf3 d5 3. c3 e6 4. Bf4 Bd6 5. e3 O-O 6. Nbd2 c5 7. Bd3 Qc7 8. Bxd6
Qxd6 9. Ne5 b6 10. f4 Ba6 11. Bc2 Nc6 12. g4 Nd7 13. g5 f5 14. gxf6 Nxf6 15. Rg1
Rac8 16. Nxc6 Rxc6 17. Nf3 cxd4 18. Nxd4 Rc7 19. Qf3 e5 20. fxe5 Qxe5 21. O-O-O
Ne4 22. Qh3 Bc8 23. Qh4 Rcf7 24. Nc6 Qe8 25. Nb4 Bb7 26. Nxd5 Bxd5 27. Rxd5 Nf6
28. Qh3 Re7 29. Rdg5 Kh8 30. R5g3 Qb5 31. Kb1 Qe5 32. Qg2 g6 33. Qh3 Nh5 34. Rg5
Qxe3 35. Qh4 Rf4 36. R1g4 Qe1+ 37. Qxe1 Rxe1+ 38. Bd1 Rxg4 39. Rxg4 Rxd1+ 40.
Kc2 Rd7 41. a4 Nf6 42. Rh4 Kg7 43. b4 g5 44. Rh3 g4 45. Re3 h5 46. c4 h4 47. Kb3
Kg6 48. c5 bxc5 49. bxc5 Rc7 50. Kc4 Nd7 51. Re7 Rxc5+ 52. Kd4 Rc7 53. a5 g3 54.
hxg3 h3 55. Re6+ Nf6 56. Re1 h2 57. Rh1 Ng4 58. a6 Rh7 0-1

[Event "Tata Steel India Blitz"]
[Site "Kolkata IND"]
[Date "2022.12.04"]
[Round "15.3"]
[White "So, Wesley"]
[Black "Nihal, Sarin"]
[Result "1-0"]
[WhiteTitle "GM"]
[BlackTitle "GM"]
[WhiteElo "2760"]
[BlackElo "2670"]
[WhiteFideId "5202213"]
[BlackFideId "25092340"]
[EventDate "2022.12.03"]

1. e4 g6 2. d4 Bg7 3. Nc3 d6 4. Be3 a6 5. Qd2 Nd7 6. a4 b6 7. Bd3 Bb7 8. Nce2
Ngf6 9. f3 e5 10. d5 c6 11. dxc6 Bxc6 12. Bc4 Qc7 13. Nc3 O-O 14. Nge2 Bxe4 15.
Bxf7+ Rxf7 16. fxe4 Qc6 17. O-O-O Nxe4 18. Nxe4 Qxe4 19. Nc3 Qb7 20. Qxd6 Qxg2
21. Qe6 Nf6 22. Bxb6 Re8 23. Qc4 Bh6+ 24. Kb1 Qb7 25. a5 Kg7 26. Rhf1 Bf4 27.
Rd6 Rc8 28. Qe2 Rd7 29. Rxd7+ Nxd7 30. Rxf4 exf4 31. Qe7+ Kh6 32. Qh4+ Kg7 33.
Qe7+ Kh6 34. Qh4+ Kg7 35. Bd4+ Kf8 36. Qxh7 Rxc3 37. Qg7+ Ke8 38. Qxg6+ Ke7 39.
Qg5+ Ke6 40. Qg4+ Ke7 41. Qg5+ Ke6 42. Qg4+ Ke7 43. Bxc3 Qh1+ 44. Ka2 Qe4 45. h4
Ne5 46. Qg5+ Ke6 47. Qg8+ Ke7 48. Qg7+ Ke6 49. Qh6+ Ke7 50. Qxa6 f3 51. Qa7+ Ke6
52. Qb6+ Kf5 53. a6 Qxc2 54. Qa5 Qe4 55. a7 f2 56. a8=Q Qc4+ 57. Ka3 f1=Q 58.
Qxe5+ Kg4 59. Qee4+ Kh3 60. Qxc4 Qxc4 61. Qh1+ Kg4 62. Qg1+ Kh3 63. Qe3+ Kh2 64.
Be5+ Kh1 65. Qh3+ Kg1 66. Qg3+ Kf1 67. Qf4+ 1-0

[Event "Tata Steel India Blitz"]
[Site "Kolkata IND"]
[Date "2022.12.04"]
[Round "16.3"]
[White "Nihal, Sarin"]
[Black "Mamedyarov, Shakhriyar"]
[Result "1/2-1/2"]
[WhiteTitle "GM"]
[BlackTitle "GM"]
[WhiteElo "2670"]
[BlackElo "2740"]
[WhiteFideId "25092340"]
[BlackFideId "13401319"]
[EventDate "2022.12.03"]

1. d4 d5 2. Nf3 Nf6 3. c3 e6 4. Bf4 Bd6 5. e3 O-O 6. Nbd2 b6 7. h4 c5 8. h5 h6
9. Bxd6 Qxd6 10. Ne5 Nc6 11. f4 cxd4 12. exd4 Ne4 13. Bd3 f5 14. Ndf3 Bd7 15.
Rg1 Ng3 16. Nxc6 Bxc6 17. Ne5 Be8 18. Qf3 Nxh5 19. g4 fxg4 20. Rxg4 g5 21. Qg2
Rxf4 22. O-O-O Qf8 23. Kb1 a5 24. Rg1 Ra7 25. a3 Rg7 26. Qh2 Qf6 27. Rxf4 Qxf4
28. Qc2 Qe3 29. Rh1 Nf4 30. Ka1 h5 31. Ba6 g4 32. Qb3 g3 33. Qxb6 g2 34. Rb1
g1=Q 35. Rxg1 Rxg1+ 36. Ka2 Bg6 37. Qd8+ Kg7 38. Qe7+ Kh6 39. Qf6 h4 40. Qxh4+
Nh5 41. Qe7 Qf4 42. Qxe6 a4 43. Bd3 Qf6 44. Qxf6 Nxf6 45. Bxg6 Ne4 46. Bf7 Rg2
47. Ka1 Rg1+ 48. Ka2 Rg2 49. Ka1 Rg1+ 50. Ka2 1/2-1/2

[Event "Tata Steel India Blitz"]
[Site "Kolkata IND"]
[Date "2022.12.04"]
[Round "16.4"]
[White "Vidit, Santosh Gujrathi"]
[Black "Praggnanandhaa, R"]
[Result "1-0"]
[WhiteTitle "GM"]
[BlackTitle "GM"]
[WhiteElo "2730"]
[BlackElo "2684"]
[WhiteFideId "5029465"]
[BlackFideId "25059530"]
[EventDate "2022.12.03"]

1. e4 e5 2. Nf3 Nc6 3. Bb5 a6 4. Ba4 Nf6 5. O-O b5 6. Bb3 Bb7 7. d3 Bc5 8. a4
O-O 9. Nc3 Na5 10. axb5 Nxb3 11. cxb3 axb5 12. Rxa8 Qxa8 13. Nxe5 b4 14. Na4 Be7
15. Bg5 Rd8 16. Ng4 Nd5 17. Qc1 f6 18. Bd2 f5 19. Ne5 fxe4 20. dxe4 d6 21. Ng4
Nf6 22. Qxc7 Nxg4 23. Qxe7 Re8 24. Qg5 Rxe4 25. Nb6 Qe8 26. Nc4 Rd4 27. Bxb4 h6
28. Qf5 Qc6 29. f3 Ne5 30. Bc3 Rd5 31. Qe6+ Kh7 32. Nxe5 Qc5+ 33. Kh1 dxe5 34.
h3 Qe3 35. Qf5+ Kh8 36. b4 Qf4 37. Qxf4 exf4 38. Re1 Rd7 39. Re5 Kg8 40. h4 g6
41. Re6 g5 42. Rxh6 gxh4 43. Rh8+ Kf7 44. Rxh4 Kg6 45. Rxf4 Rd5 46. Kh2 Rh5+ 47.
Kg3 Rh1 48. Rf6+ 1-0

[Event "Tata Steel India Blitz"]
[Site "Kolkata IND"]
[Date "2022.12.04"]
[Round "17.4"]
[White "Maghsoodloo, Parham"]
[Black "Nihal, Sarin"]
[Result "1-0"]
[WhiteTitle "GM"]
[BlackTitle "GM"]
[WhiteElo "2719"]
[BlackElo "2670"]
[WhiteFideId "12539929"]
[BlackFideId "25092340"]
[EventDate "2022.12.03"]

1. d4 Nf6 2. c4 e6 3. Nc3 Bb4 4. Nf3 d5 5. a3 Bxc3+ 6. bxc3 c6 7. e3 O-O 8. a4
b6 9. Be2 Ba6 10. Nd2 Re8 11. O-O Nbd7 12. a5 c5 13. axb6 axb6 14. Rxa6 Rxa6 15.
cxd5 Ra7 16. dxe6 Rxe6 17. Bc4 Re8 18. Qb3 Qe7 19. e4 cxd4 20. cxd4 b5 21. Bd3
b4 22. e5 Nxe5 23. dxe5 Qxe5 24. Qxb4 Rd7 25. Nf3 Qd6 26. Qxd6 Rxd6 27. Bc4 h6
28. h3 Nd7 29. Bb5 Rd8 30. Bf4 Rb6 31. Bc7 1-0

[Event "Tata Steel India Blitz"]
[Site "Kolkata IND"]
[Date "2022.12.04"]
[Round "17.5"]
[White "So, Wesley"]
[Black "Vidit, Santosh Gujrathi"]
[Result "0-1"]
[WhiteTitle "GM"]
[BlackTitle "GM"]
[WhiteElo "2760"]
[BlackElo "2730"]
[WhiteFideId "5202213"]
[BlackFideId "5029465"]
[EventDate "2022.12.03"]

1. c4 e5 2. Nc3 Bb4 3. Nd5 a5 4. a3 Be7 5. Nf3 d6 6. d4 Nd7 7. e3 Ngf6 8. Nc3
O-O 9. Be2 Re8 10. O-O Bf8 11. Qc2 c6 12. Rb1 e4 13. Nd2 d5 14. b4 axb4 15. axb4
Nb6 16. c5 Nbd7 17. b5 h5 18. Bb2 Ng4 19. Ra1 Rxa1 20. Rxa1 Qh4 21. Bxg4 Qxg4
22. Ra8 h4 23. h3 Qg6 24. Qa4 Nxc5 25. dxc5 Bxh3 26. g3 Rxa8 27. Qxa8 hxg3 28.
Ne2 gxf2+ 29. Kxf2 Qg2+ 30. Ke1 Bg4 31. Nd4 Qg3+ 32. Kf1 Qxe3 0-1

[Event "Tata Steel India Blitz"]
[Site "Kolkata IND"]
[Date "2022.12.04"]
[Round "18.2"]
[White "Vidit, Santosh Gujrathi"]
[Black "Mamedyarov, Shakhriyar"]
[Result "1-0"]
[WhiteTitle "GM"]
[BlackTitle "GM"]
[WhiteElo "2730"]
[BlackElo "2740"]
[WhiteFideId "5029465"]
[BlackFideId "13401319"]
[EventDate "2022.12.03"]

1. e4 e5 2. Nf3 Nc6 3. d4 exd4 4. Nxd4 Nf6 5. Nxc6 bxc6 6. Nd2 d5 7. exd5 cxd5
8. Bb5+ Bd7 9. Bxd7+ Qxd7 10. O-O Be7 11. b3 O-O 12. Bb2 Rfe8 13. Qf3 a5 14. a4
Ra6 15. Rad1 Bb4 16. Nc4 Qe6 17. Ne3 c6 18. Nf5 Raa8 19. Qf4 Nh5 20. Qf3 Nf6 21.
Rd3 Bf8 22. Nh6+ gxh6 23. Bxf6 Bg7 24. Bxg7 Kxg7 25. Qf4 Kh8 26. Re3 Qg6 27. Rg3
Qe6 28. Qd4+ f6 29. Re3 Qf7 30. Rfe1 Rxe3 31. Rxe3 Rf8 32. Qc5 Re8 33. Qxc6 Rxe3
34. fxe3 Qe7 35. Kf2 Qe5 36. Qc8+ Kg7 37. Qg4+ Kh8 38. Qf4 Qc3 39. Qf5 Qd2+ 40.
Kf3 Qd1+ 41. Kg3 Qe1+ 42. Qf2 Qc3 43. Qf4 Kg7 44. Qg4+ Kh8 45. Qd4 Qc7+ 46. Kf3
Qc6 47. c3 Kg7 48. h3 h5 49. Ke2 Qb7 50. b4 axb4 51. cxb4 Qc6 52. b5 Qc2+ 53.
Kf3 h4 54. Qg4+ Kf7 55. Qh5+ Kg7 56. Qxh4 Qd1+ 57. Kf2 Qd2+ 58. Kf1 Qxe3 59.
Qg4+ Kh6 60. Qd1 d4 61. b6 d3 62. b7 Qf4+ 63. Kg1 Qe3+ 64. Kh2 Qe5+ 65. Kh1 Qb2
66. Qxd3 Qxb7 67. Qe3+ Kg6 68. Qg3+ Kh6 69. Qf4+ Kg6 70. Qg4+ Kh6 71. Qf5 Qc6
72. Qf4+ Kg6 73. a5 Qb5 74. Qg3+ Kh6 75. Qe3+ Kg6 76. Qa3 Qf1+ 77. Kh2 Qf4+ 78.
Qg3+ 1-0